000 004390000a22001210004500
090 _aAS
_bSeriadas
245 1 0 _aMicorrizas en Decussocarpus rospigliosii (Pilger) de laubenfls, una Podocarpaceae del bosque andino
041 0 _aEspaƱol
700 1 _aHodson de Jaramillo, Elizabeth
_9100028
100 1 _aGuerrero, Eduardo
_9100029
942 _cARTICULO
773 1 _tRevista de la Facultad de Ciencias Universidad Javeriana
_h2
_q53-66
_d1988
_g1
999 _c15802
_d15802